[Event "CHI-ch"]
[Site "Santiago de Chile"]
[Date "2018.02.28"]
[Round "7"]
[White "Fuentes Parra, Victor Ignacio"]
[Black "Salinas Herrera, Pablo Patricio"]
[Result "0-1"]
[WhiteElo "2148"]
[BlackElo "2453"]
[PlyCount "160"]
[EventDate "2018.02.24"]
[EventType "tourn"]
[EventRounds "11"]
[EventCountry "CHI"]
[EventCategory "5"]
[SourceTitle "CBM 183 Extra"]
[Source "ChessBase"]
[SourceDate "2018.04.19"]
[SourceVersion "1"]
[SourceVersionDate "2018.04.19"]
[SourceQuality "1"]

1. d4 Nf6 2. Nf3 d6 3. Nc3 g6 4. Bf4 Bg7 5. Qd2 0-0 6. h4 c5 7. Bh6 cxd4 8. Nxd4 Bxh6 9. Qxh6 Qa5 10. f3 Nc6 11. 0-0-0 Nxd4 12. Rxd4 Be6 13. h5 Rac8 14. hxg6 fxg6 15. Qe3 Qe5 16. Qxe5 dxe5 17. Ra4 a6 18. Ra5 Nd7 19. g3 Rfd8 20. Bh3 Bxh3 21. Rxh3 Nc5 22. Na4 Nd7 23. Rd5 e4 24. Rh1 exf3 25. exf3 Nf6 26. Re5 Rc7 27. Nc3 Rcd7 28. Rhe1 Kf7 29. g4 h5 30. gxh5 gxh5 31. Ne4 Nxe4 32. R5xe4 Rh8 33. Rf4+ Ke8 34. Rf5 h4 35. Rg5 Rh7 36. Rg4 Rd6 37. Rh1 h3 38. Rh2 Rh5 39. Rg3 Rdh6 40. Kd2 Kf7 41. Ke3 Kf6 42. Rg4 Rg5 43. Kf4 Rb5 44. b3 Ke6 45. Kg3 Rbh5 46. a3 Kd6 47. Rd4+ Kc6 48. Rc4+ Kb6 49. Rb4+ Ka7 50. Rg4 e5 51. f4 exf4+ 52. Kxf4 Rf6+ 53. Ke3 Kb6 54. Rg3 Rfh6 55. c4 Kc6 56. b4 Kd6 57. Kd3 Ke5 58. Rg7 Rh7 59. Rxh7 Rxh7 60. Ke3 Rh4 61. c5 Kd5 62. Kd3 Rh7 63. Kc3 Kc6 64. Kb3 Kb5 65. a4+ Kc6 66. Kc3 Rh4 67. Kb3 a5 68. bxa5 Kxc5 69. Kc3 Rxa4 70. Kd3 Rxa5 71. Rc2+ Kd5 72. Ke3 Ra3+ 73. Kf2 b5 74. Kg1 b4 75. Kh2 Rc3 76. Rd2+ Kc4 77. Rd8 b3 78. Rb8 Kd3 79. Kxh3 Kc2+ 80. Kg2 b2 0-1

[Event "CHI-ch"]
[Site "Santiago de Chile"]
[Date "2018.02.27"]
[Round "5"]
[White "Fuentes Parra, Victor Ignacio"]
[Black "Aguirre Contreras, Cristian Rodrigo"]
[Result "0-1"]
[WhiteElo "2148"]
[BlackElo "2272"]
[PlyCount "76"]
[EventDate "2018.02.24"]
[EventType "tourn"]
[EventRounds "11"]
[EventCountry "CHI"]
[EventCategory "5"]
[SourceTitle "CBM 183 Extra"]
[Source "ChessBase"]
[SourceDate "2018.04.19"]
[SourceVersion "1"]
[SourceVersionDate "2018.04.19"]
[SourceQuality "1"]

1. d4 Nf6 2. Nf3 b6 3. Bf4 Bb7 4. e3 g6 5. h3 Bg7 6. Nbd2 0-0 7. Bd3 d6 8. 0-0 Nbd7 9. Bh2 Qe8 10. Qe2 e5 11. Ba6 Bxa6 12. Qxa6 e4 13. Ne1 Qe7 14. b4 Rfe8 15. a4 g5 16. a5 g4 17. axb6 Nxb6 18. h4 Nh5 19. Qb5 d5 20. Qc6 Bf8 21. Qxc7 Qxh4 22. Rxa7 Re7 23. Rxa8 Rxc7 24. Rxf8+ Kxf8 25. Bxc7 Nd7 26. Bd6+ Ke8 27. g3 Qf6 28. Bc5 Qa6 29. Nb3 Ng7 30. Kg2 h5 31. Rh1 Qe2 32. Nc1 Qd1 33. Nb3 Nf5 34. b5 Nxe3+ 35. fxe3 Qe2+ 36. Kg1 Qxe1+ 37. Kg2 Qe2+ 38. Kg1 Qd1+ 0-1

[Event "CHI-ch"]
[Site "Santiago de Chile"]
[Date "2018.02.26"]
[Round "4"]
[White "Llorens Sepulveda, Marcelo"]
[Black "Fuentes Parra, Victor Ignacio"]
[Result "1/2-1/2"]
[WhiteElo "2266"]
[BlackElo "2148"]
[PlyCount "109"]
[EventDate "2018.02.24"]
[EventType "tourn"]
[EventRounds "11"]
[EventCountry "CHI"]
[EventCategory "5"]
[SourceTitle "CBM 183 Extra"]
[Source "ChessBase"]
[SourceDate "2018.04.19"]
[SourceVersion "1"]
[SourceVersionDate "2018.04.19"]
[SourceQuality "1"]

1. e4 e6 2. d4 d5 3. e5 c5 4. c3 Qb6 5. Nf3 Nc6 6. a3 Nh6 7. b4 cxd4 8. cxd4 Nf5 9. Be3 Bd7 10. Bd3 Nxe3 11. fxe3 Rc8 12. 0-0 Be7 13. Nbd2 Nb8 14. Qe2 Ba4 15. e4 0-0 16. Kh1 Rc3 17. exd5 exd5 18. Rfe1 Rfc8 19. Nf1 Bc2 20. Bxc2 Rxc2 21. Qd1 R2c3 22. Ne3 Qe6 23. Qa4 a6 24. Qd1 Nd7 25. Qd2 Nb6 26. Nf1 Qg6 27. Ng3 h5 28. e6 fxe6 29. Ne5 Qg5 30. Qxg5 Bxg5 31. Nxh5 Rc1 32. Nd3 Rxa1 33. Rxa1 Na4 34. Nhf4 Bxf4 35. Nxf4 Kf7 36. Rf1 Ke7 37. Re1 Nc3 38. Nxe6 Kf6 39. Nc5 Rc7 40. Rc1 Re7 41. h4 Nb5 42. a4 Nxd4 43. Rd1 Nc2 44. Rxd5 Nxb4 45. Rd6+ Kf5 46. Rb6 Nd5 47. Rb3 Kg4 48. Nxb7 Kxh4 49. Nc5 a5 50. Kh2 Ne3 51. Kg1 Ng4 52. Kf1 Rf7+ 53. Ke1 Re7+ 54. Kd2 Nf2 55. Re3 1/2-1/2

[Event "CHI-ch"]
[Site "Santiago de Chile"]
[Date "2018.02.24"]
[Round "1"]
[White "Diaz Villagran, Robert"]
[Black "Fuentes Parra, Victor Ignacio"]
[Result "1-0"]
[WhiteElo "2317"]
[BlackElo "2148"]
[PlyCount "79"]
[EventDate "2018.02.24"]
[EventType "tourn"]
[EventRounds "11"]
[EventCountry "CHI"]
[EventCategory "5"]
[SourceTitle "CBM 183 Extra"]
[Source "ChessBase"]
[SourceDate "2018.04.19"]
[SourceVersion "1"]
[SourceVersionDate "2018.04.19"]
[SourceQuality "1"]

1. e4 e6 2. d3 d5 3. Nd2 c5 4. Ngf3 Nc6 5. g3 g6 6. Bg2 Bg7 7. 0-0 Nge7 8. Re1 h6 9. c3 b6 10. h4 a5 11. a4 Ra7 12. exd5 exd5 13. Nb3 d4 14. cxd4 cxd4 15. Bf4 0-0 16. Ne5 Nxe5 17. Bxe5 Be6 18. Nd2 Bxe5 19. Rxe5 Qd6 20. Rb5 f5 21. Qe2 Bf7 22. Rd1 Nc8 23. Nc4 Qd8 24. Qd2 Kg7 25. Qf4 Re7 26. Ne5 Qd6 27. Rc1 Na7 28. Nc6 Qxf4 29. gxf4 Rc7 30. Rxb6 Rfc8 31. Kh2 Be8 32. Nxa7 Rxc1 33. Nxc8 Rxc8 34. Rb7+ Kf6 35. Bd5 Rc2 36. Kg3 g5 37. Rb6+ Kg7 38. Rg6+ Kh7 39. fxg5 hxg5 40. hxg5 1-0

[Event "Wch U20 56th"]
[Site "Tarvisio"]
[Date "2017.11.15"]
[Round "3"]
[White "Fuentes Parra, Victor Ignacio"]
[Black "Posocco, Dennis"]
[Result "1-0"]
[WhiteElo "2087"]
[BlackElo "1564"]
[PlyCount "71"]
[EventDate "2017.11.13"]
[EventType "swiss"]
[EventRounds "11"]
[EventCountry "ITA"]
[SourceTitle "CBM 181 Extra"]
[Source "ChessBase"]
[SourceDate "2017.12.12"]
[SourceVersion "1"]
[SourceVersionDate "2017.12.12"]
[SourceQuality "1"]

1. Nf3 d5 2. d4 Nf6 3. e3 a6 4. Bd3 e6 5. b3 Be7 6. Bb2 0-0 7. Nbd2 Nbd7 8. 0-0 b6 9. Ne5 Bb7 10. f4 c5 11. c4 dxc4 12. bxc4 cxd4 13. exd4 Nxe5 14. fxe5 Nd7 15. Qc2 g6 16. Be4 Qc7 17. Bxb7 Qxb7 18. a4 f6 19. exf6 Nxf6 20. Rae1 Qc6 21. Nf3 Bd6 22. Ng5 Rae8 23. Rf3 Ng4 24. h3 Rxf3 25. Nxf3 Nf6 26. Ne5 Bxe5 27. dxe5 Qc5+ 28. Kh2 Nd5 29. Ba3 Qxa3 30. cxd5 exd5 31. Qc6 Rf8 32. Qxd5+ Kg7 33. e6 Qc5 34. Qd2 Kf6 35. Qb2+ Ke7 36. Qg7+ 1-0

[Event "Wch U20 56th"]
[Site "Tarvisio"]
[Date "2017.11.14"]
[Round "2"]
[White "Batsuren, Dambasuren"]
[Black "Fuentes Parra, Victor Ignacio"]
[Result "1-0"]
[WhiteElo "2352"]
[BlackElo "2087"]
[PlyCount "69"]
[EventDate "2017.11.13"]
[EventType "swiss"]
[EventRounds "11"]
[EventCountry "ITA"]
[SourceTitle "CBM 181 Extra"]
[Source "ChessBase"]
[SourceDate "2017.12.12"]
[SourceVersion "1"]
[SourceVersionDate "2017.12.12"]
[SourceQuality "1"]

1. d4 d5 2. c4 e6 3. Nc3 f5 4. Nf3 Nf6 5. g3 c6 6. Bg2 Bd6 7. 0-0 0-0 8. Qc2 Ne4 9. Rb1 a5 10. a3 Bd7 11. b4 b5 12. c5 Bc7 13. Bf4 Be8 14. e3 Bh5 15. Nxe4 fxe4 16. Ng5 Rf6 17. Bh3 Bxf4 18. exf4 Qe7 19. Rfe1 Bg6 20. Qb3 h6 21. Nxe6 Rxe6 22. f5 Rf6 23. fxg6 Kh8 24. f3 Nd7 25. fxe4 dxe4 26. d5 Re8 27. d6 Qd8 28. Bg2 Rfe6 29. Bh3 Rf6 30. Bxd7 Qxd7 31. Rf1 a4 32. Qa2 Ref8 33. Rxf6 Rxf6 34. Rf1 Rxf1+ 35. Kxf1 1-0

[Event "CHI-ch U20"]
[Site "Maipu"]
[Date "2017.02.07"]
[Round "1.5"]
[White "Miranda Ramirez, Gonzalo Andres"]
[Black "Fuentes Parra, Victor Ignacio"]
[Result "0-1"]
[WhiteElo "1574"]
[BlackElo "2083"]
[PlyCount "54"]
[EventDate "2017.02.07"]
[EventType "swiss"]
[EventRounds "9"]
[EventCountry "CHI"]
[SourceTitle "EXT 2024"]
[Source "ChessBase"]
[SourceDate "2023.10.10"]
[SourceVersion "1"]
[SourceVersionDate "2023.10.10"]
[SourceQuality "1"]

1. e4 e6 2. d4 d5 3. exd5 exd5 4. Bd3 Bd6 5. Nc3 Ne7 6. Nge2 Nbc6 7. a3 a6 8. 0-0 Bg4 9. Be3 Qd7 10. Qd2 h6 11. b4 b5 12. f3 Bf5 13. Bf2 0-0 14. Bxf5 Qxf5 15. Ng3 Qf6 16. Rad1 Rfd8 17. Nge2 Rab8 18. Bg3 Bxg3 19. Nxg3 Nc8 20. Nh5 Qf5 21. g4 Qg6 22. Nf4 Qg5 23. h4 Qxh4 24. Nfxd5 Nb6 25. Qf4 Nxd5 26. Nxd5 Rxd5 27. Qxc7 Qf6 0-1

[Event "South America-ch U18 12th"]
[Site "Santa Cruz"]
[Date "2015.12.04"]
[Round "4"]
[White "Barros Rivadeneira, Cristhian"]
[Black "Fuentes Parra, Victor Ignacio"]
[Result "1-0"]
[WhiteElo "2377"]
[BlackElo "2144"]
[PlyCount "79"]
[EventDate "2015.12.02"]
[EventType "swiss"]
[EventRounds "9"]
[EventCountry "BOL"]
[SourceTitle "CBM 170 Extra"]
[Source "ChessBase"]
[SourceDate "2016.02.25"]
[SourceVersion "1"]
[SourceVersionDate "2016.02.25"]
[SourceQuality "1"]

1. e4 e6 2. d4 d5 3. Nc3 Bb4 4. e5 c5 5. a3 Bxc3+ 6. bxc3 Ne7 7. Qg4 cxd4 8. Qxg7 Rg8 9. Qxh7 Qc7 10. Ne2 Nbc6 11. f4 Bd7 12. Qd3 dxc3 13. Nxc3 a6 14. Ne2 Nf5 15. Bd2 Rc8 16. c3 Na5 17. Nd4 Nc4 18. g3 Nb2 19. Qb1 Nc4 20. Qd3 Nb2 21. Qf3 Qc5 22. Nxf5 exf5 23. Qf2 Bb5 24. Qxc5 Rxc5 25. Bxb5+ Rxb5 26. Ke2 Nc4 27. Rhb1 Nxa3 28. Rb4 Rxb4 29. cxb4 Nb5 30. Kd3 Kd7 31. Rc1 Rc8 32. Rxc8 Kxc8 33. h4 Kd8 34. Be3 Ke7 35. Bc5+ Ke6 36. h5 f6 37. h6 Kf7 38. h7 Kg7 39. exf6+ Kxh7 40. f7 1-0

[Event "Pan American-ch U18"]
[Site "Cali"]
[Date "2015.07.02"]
[Round "8"]
[White "Fuentes Parra, Victor Ignacio"]
[Black "Bobadilla Viera, Jorge Samuel"]
[Result "1/2-1/2"]
[WhiteElo "2101"]
[BlackElo "2169"]
[PlyCount "35"]
[EventDate "2015.06.28"]
[EventType "swiss"]
[EventRounds "9"]
[EventCountry "COL"]
[SourceTitle "EXT 2016"]
[Source "ChessBase"]
[SourceDate "2015.10.08"]
[SourceVersion "1"]
[SourceVersionDate "2015.10.08"]
[SourceQuality "1"]

1. d4 Nf6 2. Nf3 g6 3. Bg5 Bg7 4. Nc3 d5 5. e3 c6 6. Bd3 Nbd7 7. 0-0 0-0 8. Re1 Qb6 9. Rb1 e5 10. Bf1 Re8 11. b3 Ne4 12. Nxe4 dxe4 13. Nxe5 Nxe5 14. dxe5 Bxe5 15. Bf4 Bxf4 16. exf4 e3 17. Qe2 exf2+ 18. Qxf2 1/2-1/2

[Event "Pan American-ch U18"]
[Site "Cali"]
[Date "2015.07.01"]
[Round "6"]
[White "Fuentes Parra, Victor Ignacio"]
[Black "Plua, Jonathan"]
[Result "1-0"]
[WhiteElo "2101"]
[BlackElo "1293"]
[PlyCount "67"]
[EventDate "2015.06.28"]
[EventType "swiss"]
[EventRounds "9"]
[EventCountry "COL"]
[SourceTitle "EXT 2016"]
[Source "ChessBase"]
[SourceDate "2015.10.08"]
[SourceVersion "1"]
[SourceVersionDate "2015.10.08"]
[SourceQuality "1"]

1. d4 Nf6 2. Nf3 e6 3. Bg5 Be7 4. Nbd2 d5 5. e3 c5 6. c3 Nc6 7. Bd3 cxd4 8. exd4 0-0 9. 0-0 Bd7 10. Re1 Rc8 11. Ne5 h6 12. Bf4 Qb6 13. Rb1 Na5 14. Qe2 a6 15. Qe3 Rfd8 16. Bxh6 Nc6 17. Nxc6 Bxc6 18. Bg5 Qc7 19. Qh3 Bd7 20. Qh4 Kf8 21. Nf3 Ng8 22. Bxe7+ Nxe7 23. Qh8+ Ng8 24. Bh7 Ke7 25. Qxg7 Qf4 26. Ne5 Qf6 27. Qxf6+ Nxf6 28. Bd3 Bb5 29. f3 Rg8 30. Kf2 Ne8 31. Rbc1 Nd6 32. Rc2 Rc7 33. Rec1 Rgc8 34. g3 1-0

[Event "CHI-ch"]
[Site "Santiago de Chile"]
[Date "2015.02.27"]
[Round "8"]
[White "Fuentes Parra, Victor Ignacio"]
[Black "Farfan Ortiz, Victor"]
[Result "1-0"]
[WhiteElo "1985"]
[BlackElo "2220"]
[PlyCount "95"]
[EventDate "2015.02.21"]
[EventType "swiss"]
[EventRounds "9"]
[EventCountry "CHI"]
[SourceTitle "CBM 165 Extra"]
[Source "ChessBase"]
[SourceDate "2015.04.21"]
[SourceVersion "1"]
[SourceVersionDate "2015.04.21"]
[SourceQuality "1"]

1. d4 Nf6 2. Nf3 g6 3. Bg5 Bg7 4. Nc3 d6 5. e4 Nbd7 6. Qd2 h6 7. Bh4 0-0 8. e5 dxe5 9. dxe5 Ng4 10. 0-0-0 c6 11. e6 fxe6 12. Bc4 Rxf3 13. gxf3 Nge5 14. Bxe6+ Kh7 15. Bg3 Qa5 16. f4 Nc5 17. Bg8+ Kxg8 18. Qd8+ Qxd8 19. Rxd8+ Kf7 20. fxe5 Ne6 21. Rd2 Nc5 22. f3 Bf5 23. Ne2 Nd7 24. f4 Nc5 25. Nc3 h5 26. Bf2 Ne6 27. Be3 Bh6 28. Ne2 h4 29. Nd4 Be4 30. Rg1 Ng7 31. Rf2 c5 32. Nf3 Nf5 33. Bd2 e6 34. h3 Rd8 35. Rg4 Bxf3 36. Rxf3 Bf8 37. Rd3 Rb8 38. Be1 Be7 39. Bf2 b6 40. Rd7 a5 41. Ra7 Rc8 42. Bxh4 Rh8 43. Bxe7 Nxe7 44. Rg1 Rxh3 45. Rd1 Rh8 46. Rdd7 Re8 47. Rd6 Rb8 48. c4 1-0

[Event "CHI-ch"]
[Site "Santiago de Chile"]
[Date "2015.02.24"]
[Round "5"]
[White "Fuentes Parra, Victor Ignacio"]
[Black "Torres Bravo, Cristobal Renato"]
[Result "1/2-1/2"]
[WhiteElo "1985"]
[BlackElo "2348"]
[PlyCount "111"]
[EventDate "2015.02.21"]
[EventType "swiss"]
[EventRounds "9"]
[EventCountry "CHI"]
[SourceTitle "CBM 165 Extra"]
[Source "ChessBase"]
[SourceDate "2015.04.21"]
[SourceVersion "1"]
[SourceVersionDate "2015.04.21"]
[SourceQuality "1"]

1. e4 c5 2. c3 Nf6 3. e5 Nd5 4. d4 cxd4 5. Nf3 e6 6. cxd4 b6 7. Nc3 Nxc3 8. bxc3 Qc7 9. Bd2 Bb7 10. Bd3 d6 11. 0-0 Nd7 12. Be2 dxe5 13. Re1 Be7 14. Nxe5 Nxe5 15. dxe5 0-0 16. Qa4 Bc5 17. Bg5 g6 18. Qh4 Rfe8 19. Bf6 Be7 20. Bb5 Bf8 21. Bxe8 Rxe8 22. Re3 Qc6 23. Qg3 Bh6 24. Bg5 Bg7 25. Rd1 Qc7 26. Bf6 Bf8 27. Red3 Bd5 28. Rd4 b5 29. Rb4 Bg7 30. a3 Rc8 31. Bxg7 Kxg7 32. Rd3 Qe7 33. Qf4 h5 34. Rg3 Rc4 35. Qf6+ Qxf6 36. exf6+ Kxf6 37. Rxc4 Bxc4 38. Re3 a5 39. f3 a4 40. Kf2 e5 41. Re1 Ke6 42. f4 f6 43. fxe5 fxe5 44. Re3 Bb3 45. h4 Kd5 46. Ke2 Bc2 47. Kd2 Bf5 48. Re1 Be4 49. Re3 Bf5 50. Re1 Be4 51. Re2 Bf5 52. Kc1 Be6 53. Rf2 Bf5 54. Re2 Be6 55. Rf2 Bf5 56. Rd2+ 1/2-1/2

[Event "Wch U14"]
[Site "Caldas Novas"]
[Date "2011.11.20"]
[Round "3"]
[White "Rigonati, Eduardo Santana"]
[Black "Fuentes Parra, Victor Ignacio"]
[Result "0-1"]
[WhiteElo "1800"]
[BlackElo "1972"]
[PlyCount "138"]
[EventDate "2011.11.18"]
[EventType "swiss"]
[EventRounds "9"]
[EventCountry "BRA"]
[SourceTitle "EXT 2013"]
[Source "ChessBase"]
[SourceDate "2012.11.22"]
[SourceVersion "1"]
[SourceVersionDate "2012.11.22"]
[SourceQuality "1"]

1. e4 e6 2. d4 d5 3. Nd2 Nf6 4. e5 Nfd7 5. Bd3 c5 6. c3 Nc6 7. Ne2 cxd4 8. cxd4 Nb6 9. 0-0 Bd7 10. Nb3 Nb4 11. Na5 Rb8 12. a3 Nxd3 13. Qxd3 a6 14. Nc3 Na4 15. Nb3 Qb6 16. Nd2 Rc8 17. Nxa4 Bxa4 18. Re1 Be7 19. Qe3 Bc2 20. b3 Qa5 21. Bb2 0-0 22. Rec1 Qb5 23. b4 Qa4 24. Nf3 Rc4 25. Ne1 Rfc8 26. g3 h6 27. Nxc2 Rxc2 28. Rab1 R8c4 29. Ba1 Qc6 30. Rxc2 Rxc2 31. Bb2 Bd8 32. Rc1 Rxc1+ 33. Qxc1 Qc4 34. Qc3 Kf8 35. Qxc4 dxc4 36. a4 Ke8 37. Kf1 Kd7 38. Ke2 Kc6 39. Ke3 Kd5 40. f4 Be7 41. Bc3 Bd8 42. Bb2 g5 43. Bc3 Be7 44. Kf3 f5 45. Ke3 g4 46. Bd2 a5 47. b5 b6 48. Bc3 Ba3 49. Kd2 Be7 50. Ke3 Bd8 51. Bb2 Be7 52. Bc3 Bf8 53. Bd2 Ba3 54. Bc3 Bc1+ 55. Kf2 Ba3 56. Ke3 h5 57. Kd2 Be7 58. Ke3 h4 59. Bd2 Bd8 60. Bc3 h3 61. Bb2 Be7 62. Bc3 Bf8 63. Kd2 Ba3 64. Ke3 Bc1+ 65. Kf2 Ke4 66. Bxa5 bxa5 67. Ke2 Kd5 68. b6 Kc6 69. d5+ exd5 0-1

[Event "Pan American-ch U14"]
[Site "Cali"]
[Date "2011.07.??"]
[Round "6"]
[White "Fuentes Parra, Victor Ignacio"]
[Black "Hernandez Amura, Gilberto"]
[Result "1/2-1/2"]
[WhiteElo "1980"]
[BlackElo "1916"]
[PlyCount "64"]
[EventDate "2011.07.03"]
[EventType "swiss"]
[EventRounds "9"]
[EventCountry "COL"]
[SourceTitle "EXT 2024"]
[Source "ChessBase"]
[SourceDate "2023.10.10"]
[SourceVersion "1"]
[SourceVersionDate "2023.10.10"]
[SourceQuality "1"]

1. e4 c5 2. c3 Nf6 3. e5 Nd5 4. d4 cxd4 5. Nf3 e6 6. cxd4 d6 7. Nc3 Nxc3 8. bxc3 Qc7 9. Qc2 Nc6 10. exd6 Bxd6 11. Bd3 b6 12. Bxh7 Bb7 13. Bd3 0-0-0 14. h3 Na5 15. Rb1 Bxf3 16. gxf3 Kb8 17. Ba6 e5 18. d5 Bc5 19. c4 Rhe8 20. Bb5 Re7 21. Qe4 Nb7 22. Bc6 Na5 23. Bb5 Bd4 24. Qd3 Qd6 25. Be3 Bc5 26. Bxc5 Qxc5 27. 0-0 Rd6 28. Ba6 Rg6+ 29. Kh2 Qd6 30. Qe3 Nb7 31. Bxb7 Rxb7 32. Rg1 Rxg1 1/2-1/2

[Event "Pan American-ch U12"]
[Site "Mar del Plata"]
[Date "2009.08.17"]
[Round "3"]
[White "Fernandez Perez, Jorge Andres"]
[Black "Fuentes Parra, Victor Ignacio"]
[Result "1-0"]
[WhiteElo "1950"]
[BlackElo "2034"]
[PlyCount "101"]
[EventDate "2009.08.16"]
[EventType "swiss"]
[EventRounds "9"]
[EventCountry "ARG"]
[SourceTitle "EXT 2022"]
[Source "ChessBase"]
[SourceDate "2021.10.06"]
[SourceVersion "1"]
[SourceVersionDate "2021.10.06"]
[SourceQuality "1"]

1. e4 e5 2. Nf3 Nc6 3. Bc4 Bc5 4. c3 Nf6 5. d4 exd4 6. e5 d5 7. Bb5 Ne4 8. cxd4 Bb4+ 9. Bd2 Qe7 10. Bxc6+ bxc6 11. Qa4 Bxd2+ 12. Nbxd2 Bd7 13. 0-0 Nxd2 14. Nxd2 0-0 15. Qc2 Qb4 16. Nb3 Rfd8 17. Rac1 Rab8 18. Qc5 Rb6 19. Qxb4 Rxb4 20. Rc2 Be8 21. Rd1 Rdb8 22. Rdd2 Ra4 23. Nc1 Bd7 24. b3 Ra6 25. f3 h5 26. Ne2 Rab6 27. Nc3 Kf8 28. Na4 Rb5 29. Kf2 Ke7 30. Rc3 g6 31. Rdc2 Kd8 32. Nc5 Be8 33. Re3 Bd7 34. e6 Rxc5 35. Rxc5 fxe6 36. h4 Rb4 37. Rd3 Ke7 38. a3 Rb6 39. b4 Kd6 40. Re3 Bc8 41. Kg3 Ba6 42. Rc1 Ke7 43. Kf4 Kf6 44. Rce1 Bc8 45. g4 hxg4 46. fxg4 Bd7 47. h5 g5+ 48. Kg3 Rb8 49. Re5 Rg8 50. Rf1+ Ke7 51. Rff5 1-0

[Event "Pan American-ch U12"]
[Site "Mar del Plata"]
[Date "2009.08.17"]
[Round "2"]
[White "Fuentes Parra, Victor Ignacio"]
[Black "Azua Avila, Vicente"]
[Result "1/2-1/2"]
[WhiteElo "2034"]
[BlackElo "1832"]
[PlyCount "48"]
[EventDate "2009.08.16"]
[EventType "swiss"]
[EventRounds "9"]
[EventCountry "ARG"]
[SourceTitle "EXT 2022"]
[Source "ChessBase"]
[SourceDate "2021.10.06"]
[SourceVersion "1"]
[SourceVersionDate "2021.10.06"]
[SourceQuality "1"]

1. d4 Nf6 2. Nf3 g6 3. Bg5 Bg7 4. Nc3 d6 5. e4 0-0 6. Qd2 c6 7. 0-0-0 b5 8. e5 dxe5 9. dxe5 Qxd2+ 10. Rxd2 b4 11. exf6 bxc3 12. bxc3 exf6 13. Bf4 Nd7 14. Bd3 Ne5 15. Be4 Be6 16. Nd4 Bxa2 17. Nb3 a5 18. Kb2 a4 19. Bxe5 fxe5 20. Bxc6 Ra6 21. Bb5 Rb6 22. Bxa4 Ra8 23. Bd7 Bf8 24. Ra1 Bh6 1/2-1/2